000 00689nam a2200253Ia 4500
003 OSt
005 20220918170036.0
006 a|||||r|||| 00| 0
007 ta
008 220917b |||||||| |||| 00| 0 eng d
020 _a8187403187 (pbk)
024 _a238,616
037 _cTextual
040 _aARTS
_cARTS
_beng
041 _2eng
_aeng
082 _aO11196(Y15)x, P6
100 _aSuri Twinkle
_926785
245 0 _aRoom of their own women's voices in Africa
260 _aNew Delhi
_bBooks Plus India
_c2006
300 _a121p.
_ccm.
650 _aENGLISH LITERATURE
942 _hO11196(Y15)x, P6
_cTEXL
_2CC
999 _c132351
_d132351